[Event "4th Norway Chess 2016"]
[Site "Stavanger NOR"]
[Date "2016.04.19"]
[Round "1.2"]
[White "Carlsen, Magnus"]
[Black "Harikrishna, Pentala"]
[Result "1-0"]
[WhiteElo "2851"]
[BlackElo "2763"]
[Annotator "Sagar Shah"]
[PlyCount "81"]
[EventDate "2016.04.19"]

{Going into the game Magnus was definitely to win this battle considering the
limited experience Harikrishna has at super-elite tournaments and also because
the World Champion had the white pieces.} 1. d4 Nf6 2. c4 e6 3. Nf3 b6 {
Hari doesn't go for the QGD with 3...d5, and instead opts for the Queen's
Indian Variation.} 4. g3 Ba6 5. Nbd2 {This is known to be a pretty unambitious
line. Mainly because the knight is not so well placed on d2. Of course it
would like to go to c3. But the problem that White faces after the move Ba6 is
that any and every move that he plays to defend the c4 pawn has some drawback.
If he goes b3, the dark squares are weakened a bit and Black can take
advantage of it by Bb4+. If Qc2 or Qa4 is played then the control on d5 is
lost and hence after c5, d5 becomes a gambit. Tough Nbd2 is not dangerous for
Black, whatever Magnus plays could be the start of a new direction in theory.}
Bb4 {Threatening to win the c4 pawn.} (5... Bb7 {is the main line and after} 6.
Bg2 c5 7. e4 cxd4 (7... Nxe4 $2 8. Ne5 $18) 8. Nxd4 Bc5 {With a hedgehog like
position.}) 6. Qa4 $5 (6. Qc2 {is the line suggested by Simon Williams in his
latest DVD on beating the Queen's Indian. This move was a favourite of Vassily
Ivanchuk and Anatoly Karpov.}) 6... c5 7. a3 Bxd2+ 8. Bxd2 {[%cal Re8g8,Gc5d4,
Ga6b7]} O-O $6 {White hasn't really scored well in this line in the past. But
he has a decent position with the double bishops and good chances of trying
for an opening edge.} (8... cxd4 9. Bg2 (9. Nxd4 Bb7 {looks a little
uncomfortable for White who now has to play f3} 10. f3 O-O 11. Bg2 Nc6 {
I don't really see how Black can be worse here.}) 9... Bb7 10. O-O Bc6 11. Qc2
Bxf3 $5 12. Bxf3 Nc6 {And it is not going to be easy to win the d4 pawn.}) (
8... Bb7 {is the main line.} 9. Bg2 {tranposes to the above variation.} (9.
dxc5 bxc5 {looks pretty ok.})) 9. dxc5 $146 {Technically this is a novelty but
the character of the position remains the same.} bxc5 10. Bg2 $14 {White has
got what he wanted. A slight pull from the opening.} Qb6 11. O-O Nc6 (11...
Qxb2 12. Rfb1 {traps the queen.}) 12. Be3 Rfc8 $5 (12... Ng4 $2 13. Bxc5 Qxc5
14. Qxa6 $16) 13. Rfd1 $1 {Avoiding the temptation of taking on c5.} (13. Bxc5
Qxc5 14. Qxa6 Qa5 $1 {A strong move foreseen by Harikrishna.} 15. Qxa5 Nxa5 16.
Ne5 Rab8 $44 {And Black has enough counterplay.}) 13... d5 (13... Rab8 {
Keeping the position as it is, but still White is better after} 14. Bf4 Rb7 15.
e4 $1 Nxe4 16. Ne5 $36) 14. cxd5 exd5 15. Bxc5 Qa5 (15... Qxc5 16. Qxa6 $16)
16. Qc2 (16. Qxa5 Nxa5 17. Nd4 $1 (17. b4 Nb3 $11) 17... Rxc5 18. b4 Rc4 19.
bxa5 $14 {White has a slight pull here. But nothing very serious.}) 16... Bxe2
17. Qxe2 (17. b4 Bxd1 $1 $17) 17... Qxc5 18. Rac1 Qb6 19. b4 {With the
isolated queen pawn to play against and the queenside majority White has a
clear advantage.} h6 {[%csl Ga3,Ra7,Gb4,Rd5][%cal Gd5d4,Gg2a8]} 20. Qe3 $1 {
Why would a normal person be ready to accept a sickly looking isolated pawn on
e3. And that too voluntarily in a position where there are other better moves?
Well, the secret to this lies in the fact that Magnus is very well acquainted
with the Classics. Most probably he drew this idea from the game Botvinnik
versus Boleslavsky.} Qb7 {Hari prefers to keep the queens but now he just much
worse.} (20... Qxe3 21. fxe3 {It is true that the e3 pawn is weak but now
White has much greater control on the d4 square and it is not so easy to take
advantage of the e3 weakness. Meanwhile d5 is pretty ripe and can fall any
moment.} Ng4 22. Re1 $1 {Keeps the tension and prepares Nd4.} (22. Bh3 h5 23.
b5 (23. Rxd5 Nxb4 $1 24. Rxc8+ Rxc8 25. axb4 Rc1+ 26. Bf1 (26. Kg2 Nxe3+ $19)
26... Rxf1+ 27. Kxf1 Nxe3+ $17) 23... Na5 24. Rxc8+ Rxc8 25. Bxg4 hxg4 26. Ne5
{White wins a pawn but with all these weaknesses it should be close to a draw.}
) 22... Ne7 23. Nd4 Rxc1 24. Rxc1 Nxe3 25. Re1 N3f5 26. Nxf5 Nxf5 27. Re5 $14)
21. Bh3 $1 Re8 22. Qc3 Ne7 23. Nd4 $16 {White has absolute control on the
position and against Magnus this is surely a recipe for disaster.} Ne4 24. Qc7
Qa6 25. f3 Ng5 26. Bd7 $1 {The precision with which Magnus plays is just
mindboggling.} Red8 27. h4 $1 {The knight is almost trapped.} Nxf3+ {It's a
practical try but Black surely doesn't have enough here.} (27... Nh7 28. Re1
Qf6 29. Rcd1 {Doesn't look appetising at all for Black.}) 28. Nxf3 Qxa3 29. Kg2
Qb2+ (29... Qxb4 30. Nd4 $18) 30. Rd2 Qxb4 31. Re1 a5 32. Rde2 Ng6 33. h5 Nh8 (
33... Nf8 34. Be8 $1 $18 {The f7 pawn is the problem.}) 34. Bf5 a4 {Even
before the a-pawn could get even slightly threatening Magnus launches a
decisive attack.} 35. Ne5 Qd6 (35... a3 36. Nc6 $18) 36. Qc2 $1 {Keeping the
queens is the easiest way to finish off the game.} Re8 37. Bh7+ Kf8 38. Qf5 (
38. Nd7+ Qxd7 39. Qc5+ {was another pretty way to win.}) 38... Re7 39. Bg6 Kg8
40. Nxf7 Rxf7 41. Bxf7+ {And before he would be mated. Harikrishna resigned.
Overall I think it was a flawless game by Magnus Carlsen.} 1-0

[Event "4th Norway Chess 2016"]
[Site "Stavanger NOR"]
[Date "2016.04.20"]
[Round "2.5"]
[White "Eljanov, Pavel"]
[Black "Harikrishna, Pentala"]
[Result "1/2-1/2"]
[WhiteElo "2765"]
[BlackElo "2763"]
[Annotator "Sagar Shah"]
[PlyCount "89"]
[EventDate "2016.04.19"]

1. d4 Nf6 2. c4 e6 3. Nc3 Bb4 4. f3 {Eljanov signals his aggressive intentions.
He would like to play the Saemisch system and we are in for an exciting game
of chess.} c5 (4... d5 {is the more solid way to play.}) 5. d5 b5 $5 {What can
we say about this line! You can say that it is the Blumenfeld delayed. The
move f3 makes sense because a direct e4 is now possible.} 6. e4 O-O 7. Nh3 (7.
e5 Ne8 $1 {White's centre is over extended and will come under great stress
after the move d7-d6.}) 7... d6 8. Nf4 {This position was reached in the game
Grichuk-Topalov where the Bulgarian went for the Benoni structure with exd5.
Here Harikrishna closes the centre.} e5 9. Nfe2 Nh5 (9... bxc4 10. Ng3 $13 {
[%cal Gf1c4]}) 10. g4 $5 {Eljanov is ready to forego castling in order to
stall the move f5.} Qh4+ (10... f5 $5 {Wow! This move was really possible. But
isn't the knight on h5 hanging?} 11. gxh5 (11. exf5 Qh4+ 12. Kd2 Qf2 {With
attack.}) 11... Qh4+ 12. Kd2 fxe4 13. fxe4 Qxe4 14. Ng3 Rf2+ 15. Be2 Qxc4 {
And the position is completely crazy. Something like} 16. Ke1 Rxe2+ 17. Ngxe2
Bg4 {And Black has some compensation for the missing rook.}) 11. Kd2 Nf4 12.
Nxf4 exf4 13. Kc2 {White has found a safe shelter for his king and his
position looks better.} bxc4 14. Bxf4 Qf6 15. Qd2 Nd7 16. Be2 (16. Bxc4 {
was better and after} Ne5 (16... Nb6 17. Be2 {White can claim a small edge.})
17. Be2 $14) 16... Qe7 17. Bxc4 Rb8 18. b3 Nb6 19. Qd3 Bd7 20. Bd2 Nxc4 21.
bxc4 Rb6 {Black's position is much easier to play.} 22. Rhb1 Rfb8 23. a3 Bxc3
24. Bxc3 {It is true that we have opposite coloured bishop endgame but the
White king is weaker than Black's but White has an extra pawn. So it shouldn't
such a huge edge.} Ba4+ 25. Kc1 h5 26. Rxb6 Rxb6 27. Rb1 $1 {After the mass
rook exchange Black remains slightly better but White won't be in danger of
getting mated.} hxg4 28. f4 $1 (28. fxg4 Qg5+ $17) 28... Rxb1+ 29. Kxb1 Qb7+ (
29... Qh4 30. Qg3 {And there is no way in.} Qxg3 31. hxg3 Bb3 32. Ba5 Bxc4 33.
Kc2 Kf8 34. Kc3 Ba2 35. Kb2 Bc4 36. Kc3 $11) 30. Bb2 Qb3 31. Qxb3 Bxb3 {
Once the queens are exchanged, it is just a draw.} 32. e5 dxe5 33. d6 Kf8 34.
Bxe5 g6 35. d7 Ke7 36. Kb2 Bxc4 37. Kc3 Bb5 38. Bd6+ Kxd7 39. Bxc5 Ke6 40. Kd4
a6 41. Ke3 Bc6 42. Bb4 Bb5 43. Bc5 Bc6 44. Bb4 Bb5 45. Bc5 1/2-1/2

[Event "4th Norway Chess 2016"]
[Site "Stavanger NOR"]
[Date "2016.04.24"]
[Round "5"]
[White "Harikrishna, Pentala"]
[Black "Li Chao"]
[Result "1-0"]
[WhiteElo "2763"]
[BlackElo "2755"]
[Annotator "Sagar Shah"]
[PlyCount "83"]
[EventDate "2016.04.18"]

1. d4 Nf6 2. c4 g6 3. f3 {Hari goes for the same move that Magnus Carlsen used
to beat Li Chao at the Qatar Masters 2015.} c5 {This time instead of d5, the
Chinese player goes for c5 which in some ways transposes the game into Benoni/
King's Indian structures.} 4. d5 d6 5. e4 Bg7 6. Ne2 O-O 7. Nec3 $5 {Nec3 was
also used by Anand in his only Classical win against Boris Gelfand in the 2012
World Championship Match.This is how Igor Stohl describes this move. "Rather
unusual, but the underlying idea is sound enough. Instead of bothering to find
a good square for the Ne2, White will rather look for another post for his Nb1
- it might go to a3, or more probably to d2 after Be3(g5).} e5 {This is where
Harikrishna's opening preparation came to an end. This is a pretty rare move.}
8. g4 h5 $5 9. h3 {Looking to cause some major problems with the move Bg5 now.
Li Chao prepares for this.} Nh7 10. Be3 (10. h4 {Hari was looking in this
direction. But after} Bf6 11. gxh5 Bxh4+ 12. Kd2 g5 {He was not so sure about
his position. It looks like after} 13. Kc2 $16 {White should be better.}) (10.
gxh5 $6 Qh4+ $1 11. Kd2 Qxh5 $13) 10... h4 $5 {Black prepares a very
interesting idea of exchanging the dark squared bishops.} 11. Qd2 Bf6 12. Rg1
Bg5 13. Bxg5 Qxg5 (13... Nxg5 {would have been better than the game
continuation.}) 14. Nb5 $1 {This forces Black to retreat with the queen.} Qe7
15. g5 $1 {Blocking the g5 square so that it cannot be used by the black
pieces.} a6 16. N5c3 Nd7 17. Qg2 Kg7 (17... f6 18. gxf6 Rxf6 19. Qg4 g5 20.
Qxh4 Rxf3 21. Nd2 Rf4 22. Qg3 {is quite a messy position but no so bad for
Black.}) 18. Nd2 f6 19. gxf6+ Qxf6 (19... Rxf6 20. Qg4 $16) 20. Nd1 $1 {
A brilliant idea. Black's plan was to play Rf7, Nf8, g5 and Ng6. However, Hari
is quick to take measures against that and prepare Nd1-f2-d3 in order to break
in the centre with f4! This truly shows how strong he is.} Rf7 21. Nf2 Ndf8 22.
Nd3 b5 (22... g5 {was the critical test.} 23. f4 $1 {A similar idea like in
the game.} exf4 24. e5 dxe5 25. Ne4 $44 {With excellent compensation.} Qg6 26.
Qe2 (26. Nxe5 f3 $19) 26... Nd7 27. O-O-O) 23. O-O-O $1 g5 {[%cal Gf3f4]} 24.
f4 $3 {This is clearly the best move in the game! Black's position is ripped
to shreds after this.} exf4 25. e5 $1 {Pawns are not really so important at
this moment!} Qf5 (25... dxe5 26. Ne4 Qh6 27. Nxe5 Re7 28. Nc6 $16) 26. e6 f3 (
26... Re7 27. Qe4 $1 $18) 27. Qh2 Bxe6 {Black sacrifices the piece for a few
pawns but it is not enough.} 28. dxe6 Qxe6 29. Nf2 Qe3 30. Ng4 Qf4 31. Qxf4
Rxf4 32. Nxf3 $1 {Always tactically alert!} bxc4 (32... Rxf3 33. Bg2 $18) 33.
Ngh2 Ne6 34. Rxd6 Nd4 35. Rd7+ Kh8 36. Ne5 Nf8 37. Rf7 Re4 38. Rxg5 Rd8 39.
Rxf8+ Rxf8 40. Ng6+ Kg7 41. Nxf8+ Kxf8 42. Rxc5 {A powerpacked game by
Harikrishna. Especially the moves f4 followed by e5.} 1-0

[Event "Altibox Norway Chess 2016"]
[Site "Stavanger"]
[Date "2016.04.25"]
[Round "?"]
[White "Giri, Anish"]
[Black "Harikrishna, Pentala"]
[Result "0-1"]
[WhiteElo "2790"]
[BlackElo "2763"]
[Annotator "Sagar Shah"]
[PlyCount "72"]
[EventDate "2016.??.??"]

1. e4 e6 {Harikrishna sticks to his French Defence which gave him a nearly
winning position against Nils Grandelius in the fourth round.} 2. d4 d5 3. Nc3
Nf6 4. e5 (4. Bg5 dxe4 5. Nxe4 Be7 6. Bxf6 gxf6 {is one of Hari's favourite
line with black. And that is the reason why Giri goes for direct 4.e5.}) 4...
Nfd7 5. f4 c5 6. Nf3 Be7 $5 {Developing the knight to c6 is of course the most
natural idea. However, with this move order Hari keeps his knight on b8 and
uses it for a different purpose, as we shall see.} 7. Be3 O-O 8. Qd2 b6 {
The idea is slowly coming to light. Black would like to exchange the light
squared bishops with Ba6. The young German GM Bluebaum is the biggest exponent
of this line.} 9. Nd1 {A natural move, getting the knight to f2 and also
bolstering the pawn chain with the move c3.} a5 10. c3 (10. a4 {is the other
option here.}) 10... a4 11. Bd3 (11. a3 Nc6 12. Nf2 Na5 13. Rd1) 11... Ba6 12.
O-O Nc6 13. Bxa6 (13. Nf2 Bxd3 14. Nxd3 c4 {[%cal Ga4a3] followed by a3 gives
Black an excellent position.}) 13... Rxa6 14. f5 $1 {Anish is of course in a
hurry! He perfectly understands that Black has dangerous counterplay on the
queenside and he must do something on the kingside as soon as possible.} b5 $1
{With nerves of steel Harikrishna is not afraid of the pawn coming to f6.} (
14... exf5 {was the normal move, so that you do not have to deal with f5-f6.
However, White gets some attacking chances after} 15. Bf2 {with the idea of
Ne3 is also interesting.} (15. Qd3 {is the natural move regaining the pawn.}
Ra8 16. Qxf5 g6 17. Qh3 {and White looks better.})) 15. fxe6 $6 {15 minutes of
thought before making a move that he was not at all happy in the press
conference. According to Anish, Hari and Peter Svidler, all three of them
agreed, that White should sacrifice the pawn with f6.} (15. f6 {is surely the
most critical. After} gxf6 16. exf6 Bxf6 {White has many ways to attack.
Black's main defensive idea lies in dropping back his bishop to g7 and then
pushing his pawn to f5.} 17. Bh6 (17. dxc5 {is also an option.}) 17... Bg7 18.
Bxg7 Kxg7 19. Nf2 Kh8 (19... f5 20. Rae1 $44 {gives White excellent
compensation for the pawn.}) 20. Rae1 {and Black seems to be alright here but
with a slightly exposed king, he can never really breathe easy.} (20. Ng4 f5
$17)) 15... fxe6 16. Qe2 Qb6 {Black's queenside play is much easy to execute
now that White has no attack on the other wing.} 17. Nf2 a3 18. b3 (18. b4 $5 {
Giving up a pawn could have been a good idea to stabilize the situation on the
queenside.} cxb4 19. cxb4 Nxb4 20. Rab1 {with counterplay.}) 18... b4 $1 {
Black keeps up the pace of his queenside play.} 19. dxc5 (19. cxb4 Nxb4 $15 (
19... cxd4 $2 20. Nxd4 $1 Nxd4 21. Bxd4 Qxd4 22. Qxa6 Rxf2 23. Qxe6+ Rf7+ 24.
Kh1 Nxe5 25. Rxf7 Nxf7 26. Rf1 $18)) 19... Bxc5 20. Bxc5 Nxc5 21. c4 Ne4 22.
cxd5 exd5 23. e6 (23. Kh1 {doesn't work now due to} Nxf2+ 24. Rxf2 Nxe5 $1 $17)
23... Ne7 24. Kh1 Nc3 25. Qd3 h6 26. Nd1 Qb5 $1 {With the queen exchange the
position is already lost for White. The e6 pawn is falling and the a2 is a
fixed weakness.} 27. Qxb5 Nxb5 28. Nf2 (28. Re1 Rf6 $19) 28... Rxe6 29. Nd3 Nc6
30. Rfc1 Nc3 31. Nxb4 Nxb4 32. Rxc3 Re2 {The a2 pawn is falling.} 33. Rc7 Ra8
$1 {An accurate move preventing Ra7.} 34. Nd4 (34. h3 Rxa2 35. Re1 Rc2 $1 $19)
34... Rxa2 35. Rf1 Rd2 36. h3 a2 {A very nicely played game by Hari and a
completely bad day at the office for Anish.} (36... Rxd4 $2 37. Rff7 $11) 0-1

[Event "Altibox Norway Chess 2016"]
[Site "Stavanger"]
[Date "2016.04.27"]
[Round "?"]
[White "Harikrishna, Pentala"]
[Black "Vachier-Lagrave, Maxime"]
[Result "1/2-1/2"]
[WhiteElo "2763"]
[BlackElo "2788"]
[Annotator "Sagar Shah"]
[PlyCount "98"]
[EventDate "2016.??.??"]

1. d4 Nf6 2. c4 g6 3. f3 {Harikrishna is not afraid of his opponent's
preparation and sticks to the same line that he played against Li Chao.} c5 (
3... d5 {No one really seems interested to try and uphold the Grunfeld!}) 4. d5
d6 5. e4 e6 6. Ne2 Bg7 7. Nec3 Nh5 8. Qe2 $5 {This move was made pretty
instantly by Hari which meant that he was prepared. What is the idea of this
move? Black was threatening Qh4+. Now it can be met with g3 Nxg3 Qf2!} (8. Be3
f5 {gives Black counterplay.}) 8... Be5 {Played after 16 minutes of thought.} (
8... Qh4+ 9. g3 $1 Nxg3 10. Qf2 $1 Be5 11. f4 $18) 9. Be3 (9. g3 exd5 10. Nxd5
Nc6 11. f4 Bg7 12. Nbc3 Nd4 {And Black looks completely fine.}) 9... f5 $5 {
Black is playing actively. But with a knight on h5 he has to do that.} (9...
O-O 10. g4 Nf4 11. Qd2 g5 12. h4 f5 $5) 10. exf5 exf5 (10... gxf5 11. f4 (11.
dxe6 $16) 11... Nxf4 12. Bxf4 Bxf4 13. dxe6 Qg5 14. Nd5 Nc6 15. Nc7+ Kd8 16.
Nxa8 Nd4 $19 {And Black is just winning thanks to his immensely active pieces.}
) 11. f4 Bg7 12. Bf2+ (12. Bxc5+ $6 Kf7 {With rook coming to e8 this is
excellent compensation.}) 12... Kf7 (12... Qe7 {was also possible but MVL was
trying for an advantage.}) 13. Qd2 Nf6 14. h3 a6 15. a4 (15. Be2 b5 16. cxb5
axb5 17. Bxb5 Ba6 18. Bxa6 Nxa6 19. O-O Re8 $44 {with excellent play for the
pawn.}) 15... a5 {The downside of this move is that Na3-b5 is a clear plan now.
And the upside is that Na6-b4 is also a good square for the Black knight.} 16.
Be2 Na6 17. O-O Bd7 18. Bf3 Re8 19. Na3 {In general it seems like Black is
going to suffer for the rest of the game due to the lack of space in the
position. White's knight on b5 continuously attacking the d6 pawn will be very
irritating.} Qb6 20. Nab5 Nb4 21. Rae1 Rxe1 22. Rxe1 Re8 23. Re2 $14 Bc8 24.
Bh4 Rxe2 25. Qxe2 Qd8 26. g4 (26. Nd1 $1 {Would have really made Black's life
difficult. The idea is to prevent the queen exchange after Qe7 with the move
Ne3!} Qe7 27. Ne3 $14 {Next up is g4 and White has a very pleasant edge.})
26... Qe7 27. Qd2 (27. gxf5 Bxf5 28. Ne4 Bxe4 29. Bxe4 $16) 27... Bd7 28. gxf5
Bxf5 29. Bg4 Ke8 30. Bxf5 gxf5 31. Kf1 (31. Qg2 $5 Kf8 (31... Kd7 32. Qg5 $18)
32. Qg3 $16) 31... Kd7 32. Qg2 Qf7 33. Bxf6 Bxf6 34. Qe2 Qg8 35. Nd1 Bd4 36.
Nf2 Qg6 37. Nxd4 $6 {A very dangerous way to play.} (37. b3 {keeping control
was the safer way to play.}) 37... cxd4 38. c5 dxc5 (38... Nxd5 39. Qb5+ Kc8
40. c6 Qf7 (40... bxc6 41. Qxc6+ Nc7 42. Qb6 $11) 41. cxb7+ Qxb7 42. Qc4+ Kd7
43. Qxd4 Ke6 $17) 39. Qb5+ Kd6 40. Qxb7 Qe8 41. Qxh7 {The position is quite
complicated but there are enough resources for both sides. The margin for a
draw is pretty huge in this position.} Nxd5 42. Qh6+ Kc7 43. b3 Ne3+ 44. Kg1
Qg8+ 45. Qg5 Qxb3 46. Qe7+ Kc6 47. Qe8+ Kc7 48. Qe7+ Kc6 49. Qe8+ Kc7 {A
fighting draw.} 1/2-1/2